000 00576cam a22001577a 4500
008 180718b2002 xxu||||| |||| 00| 0 eng d
082 _aLx5412 F/2002
100 _aWest Bengal. Finance Commission
245 _aReport of the Second State Finance Commission, West Bengal, 2002
_cby Finance Department (Budget), West Bengal
260 _aCalcutta
_bFinance Department (Budget)
_c2002
300 _a251p.
500 _aChairman: Deb Kumar Basu
650 _aFinance, Public - India
700 _aWest Bengal. Finance Department (Budget)
700 _aBasu, Deb Kumar (Chairman)
999 _c486133
_d486133